000 00409nam a2200169Ia 4500
003 LK-CoDNM
008 010623t1961 xxu||||| |||| 00| 1 sin d
040 _aLK-CoDNM
_dLK-CoDNM
_eLK-CoDNM
041 _asin
080 _a8S-119 SIR
100 _aSirisena, Piyadasa
245 _aකව් දහස
246 _aKav Dahasa
260 _bGunasena
_aColombo
_c1961
300 _b167p., 18 cm
942 _cBK
999 _c105668
_d105668